Datum a čas kvízu
26.5
Celkem bodů
Celkový počet nahraných bodů na tomto kvízu bez doplňovacích otázek.
5.
Pořadí na kvízu
Konečné umístění týmu na tomto kvízu.
Zaznamenané odpovědi
| # | Otázka | Odpověď | Body | Výsledky |
|---|---|---|---|---|
| 1. | Cestující českobudějovické MHD... | lakovala si nehty (na nohou) | 1 | |
| 2. | Parlament jednoho evropského s... | o Řecku | 1 | |
| 3. | Ministr kultury Antonín Staněk... | Národní galerie; Muzeum umění Olomouc (stačí uvést Národní galerie a Muzeum Olomouc) | 1 | |
| 4. | Pošťuchování mezi dvěma e-shop... | CZC.cz | 0 | |
| 5. | Minulý čtvrtek oslavil 50. nar... | Robert Změlík | 1 | |
| 6. | V pondělí v podvečer zachvátil... | svatý Ludvík (Louis) | 0 | |
| 7. | Největší a nejznámější knihovn... | Alexandrie | 1 | |
| 8. | Město, ke kterému odkazuje tat... | Drážďany | 0 | |
| 9. | Stavba Národního divadla v Pra... | František Josef I. | 1 | |
| 10. | Tento mrakodrap najdeme na mís... | Freedom Tower (Věž svobody) | 0 |